|
|
|
|
| LEADER |
00000nam a2200000 a 4500 |
| 001 |
vtls001102818 |
| 003 |
SK-MaSNL |
| 005 |
20260302024826.0 |
| 008 |
250414s1981 xo 0 cze |
| 015 |
|
|
|a SNBA1981/09
|
| 020 |
|
|
|q (brož.)
|
| 035 |
|
|
|a SNK000045660
|
| 040 |
|
|
|a SNK
|b slo
|c SNK
|e AACR2
|
| 041 |
0 |
|
|a cze
|
| 044 |
|
|
|a xo
|c SK
|
| 080 |
|
|
|a 885.4-1(087.5)=850
|2 1981
|
| 100 |
1 |
|
|a Rázusová-Martáková, Mária,
|d 1905-1964
|4 aut
|9 17404
|
| 245 |
1 |
0 |
|a Zvířátka dětem
|c Mária Rázusová-Martáková, Jaroslav Vodrážka ; Jiří V. Svoboda, Jaroslav Vodrážka
|
| 250 |
|
|
|a 4. vyd.
|
| 260 |
|
|
|a Bratislava
|b Mladé letá
|c 1981
|e Bratislava
|f Polygrafické závody
|
| 300 |
|
|
|a 12 s., 1,90 AH
|c 24 cm
|
| 366 |
|
|
|e 15000 výtl.
|
| 490 |
0 |
|
|a Leporelá
|
| 500 |
|
|
|a Pre najmenších.
|
| 700 |
1 |
|
|a Vodrážka, Jaroslav,
|d 1894-1984
|4 aut
|9 107246
|
| 700 |
1 |
|
|a Svoboda, Jiří Václav,
|d 1924-1981
|4 trl
|9 204957
|
| 700 |
1 |
|
|a Vodrážka, Jaroslav,
|d 1894-1984
|4 bkd
|9 107246
|
| 852 |
|
|
|a Slovenská národná knižnica
|
| 954 |
|
|
|a rečňovanky
|a leporelá
|a literatúra pre deti a mládež
|
| 958 |
|
|
|a LX
|
| 958 |
|
|
|a CZ
|
| 958 |
|
|
|a DB
|
| 958 |
|
|
|a BQ
|
| 958 |
|
|
|a SS
|
| 958 |
|
|
|a TL
|
| 958 |
|
|
|a UP
|
| 958 |
|
|
|a OND
|
| 999 |
|
|
|c 1041925
|d 1043855
|
| 952 |
|
|
|t P60, <05>, [BOOK], {605}
|a SNK
|b SNK
|y PREZ
|7 0
|p 17A0152252
|o snkSC 53238 D1
|0 0
|1 0
|4 0
|d 2000-05-10
|l 0
|r 2004-12-31 00:00:00
|w 2026-02-24
|
| 952 |
|
|
|a SNK
|b SNK
|y PREZ
|7 0
|p 17A0864546
|o snkSC 53238
|0 0
|1 0
|4 0
|d 2012-08-06
|l 0
|r 2025-11-06 00:00:00
|w 2026-02-24
|